000 00866cam a2200133ua 4500
041 _aeng
_h
110 1 _aCentre for science and environment .
_b
_c(New Delhi )
245 _aMaking water everybody`s business; practice and policy of water harvesting
260 _aNew Delhi :
_bCentre for Science and Environment ,
_c2001.
300 _a ;
_e`.
504 _a
942 _cBK
999 _c13031
_d13031